| 000 | 00819cam a2200217 4500 | ||
|---|---|---|---|
| 001 | WB3736-32 | ||
| 008 | 010925n2001 000 0 eng u | ||
| 035 | _a(Sirsi) u114813 | ||
| 245 | _aUse compensation to quit farming | ||
| 260 | _c2001 | ||
| 490 |
_aFarmers' Weekly _v135(12) 21 September 2001, 6(1) |
||
| 520 | _aDairy farmers are urged by Tory MP David Curry, chairman of the House of Commons rural affairs select committee, to use fmd compensation to quit farming. Milk producers are expected to halve by 2010 with stricter market conditions and no subsidies or quotas. | ||
| 590 | _aWB | ||
| 650 | _aFOOT-AND-MOUTH DISEASE | ||
| 650 | _aCOMPENSATION | ||
| 650 | _aDAIRY FARMING | ||
| 650 | _aMILK PRODUCERS | ||
| 650 | _aMARKET CONDITIONS | ||
| 690 | _aRURAL-AGRICULTURE AND FORESTRY | ||
| 942 | _n0 | ||
| 999 |
_c68354 _d68354 |
||